نموذج منظومي لتطوير مهارات التفكير الاحصائي لدي الباحثين بكليات التربية/ (Record no. 12676)
[ view plain ]
| 000 -الفاتح | |
|---|---|
| حقل البيانات ثابتة الطول | 01029nam a22001937a 4500 |
| 008 - عناصر البيانات ثابتة الطول - معلومات عامة | |
| حقل البيانات ثابتة الطول | 090823s ua||||gr|||| 000 0 ara d |
| 020 ## - الرقم الدولى المعيارى للكتب | |
| الرقم الدولى المعيارى للكتاب | 9773141213 |
| 082 ## - رقم تصنيف ديوى العشرى | |
| رقم الطبعة | 22 |
| رقم التصنيف | 370 |
| رقم المادة | ع ص ر |
| 111 ## - المدخل الرئيسى - اسم مؤتمر | |
| 9 (RLIN) | 8568 |
| اسم المؤتمر أو اسم السلطة كمدخل | مؤتمر رؤى مستقبلية للبحث التربوي |
| موقع المؤتمر | القاهرة |
| تاريخ الاجتماع | 2001 |
| 245 ## - بيان العنوان | |
| العنوان | نموذج منظومي لتطوير مهارات التفكير الاحصائي لدي الباحثين بكليات التربية/ |
| بيان المسئوليه,etc | رضا مسعد السعيد عصر |
| 260 ## - PUBLICATION, DISTRIBUTION, ETC. (IMPRINT) | |
| مكان الناشر او الموزع | القاهرة: |
| اسم الناشر او الموزع | المركز القومى للبحوث التربوية والتنمية |
| تاريخ النشر أو التوزيع | 2001 |
| 300 ## - الوصف المادى | |
| التعداد | 1105ص: |
| تفاصيل ماديه اخرى للوعاء | ؛ايض |
| أبعاد الوعاء | 24 سم |
| 500 ## - تبصرة عامة | |
| تبصرة عامة | يحتوى على مستخلص بالغة الانجليزية |
| 650 ## - المدخل الاضافى بالموضوع-مصطلح موضوعى | |
| 9 (RLIN) | 8569 |
| مصطلح موضوعي أو اسم جغرافي كعنصر مدخل | التربية |
| 700 ## - المدخل الاضافى - اسم شخصى | |
| 9 (RLIN) | 8570 |
| الإسم الشخصى | حسين كامل بهاء الدين |
| 700 ## - المدخل الاضافى - اسم شخصى | |
| 9 (RLIN) | 8571 |
| الإسم الشخصى | مفيد محمود شهاب |
| 942 ## - عناصر المدخل الإضافي( كوها) | |
| مصدر التصنيف او مخطط الترفيف | Dewey Decimal Classification |
| Koha [default] item type | Book - Borrowing |
| حالة التراجع | حالة الفقد | مصدر التصنيف او خطة الترفيف | حالة تلف | ليس للاعارة | مجموعات كوها | المكان الدائم | المكان الحالي | موقع الترفيف | تاريخ الاكتساب | Source of acquisition | رقم الاستدعاء | الباركود | Date last seen | نوع الوعاء |
|---|---|---|---|---|---|---|---|---|---|---|---|---|---|---|
| Dewey Decimal Classification | Alef-Baa | Central Library | Central Library | First floor | 23/08/2009 | 370 مؤت | 000018026 | 15/07/2025 | Book - Borrowing |